सिटी ऑफ जॉय अनु.कुलकर्णी अनिल (Record no. 430905)
[ view plain ]
| 000 -LEADER | |
|---|---|
| fixed length control field | 00994nam a2200181Ia 4500 |
| 008 - FIXED-LENGTH DATA ELEMENTS--GENERAL INFORMATION | |
| fixed length control field | 100122s9999 xx 000 0 und d |
| 082 ## - DEWEY DECIMAL CLASSIFICATION NUMBER | |
| Item number | 53996 |
| Classification number | 823 |
| 100 ## - MAIN ENTRY--PERSONAL NAME | |
| Personal name | लापिअरे डॉमनिक |
| 245 ## - TITLE STATEMENT | |
| Title | सिटी ऑफ जॉय अनु.कुलकर्णी अनिल |
| 260 ## - PUBLICATION, DISTRIBUTION, ETC. (IMPRINT) | |
| Name of publisher, distributor, etc | मेहता पब्लिशिंग हाऊस |
| Date of publication, distribution, etc | 1997 |
| 300 ## - PHYSICAL DESCRIPTION | |
| Extent | 512 |
| 520 ## - SUMMARY, ETC. | |
| Summary, etc | सिटी ऑफ जॉय या कादंबरीचा अनिल कुलकर्णी लिखित मराठी अनुवाद |
| 620 ## - | |
| -- | सिटी ऑफ जॉय या कादंबरीचा अनिल कुलकर्णी लिखित मराठी अनुवाद |
| 630 ## - SUBJECT ADDED ENTRY--UNIFORM TITLE | |
| Uniform title | सिटी ऑफ जॉय अनु.कुलकर्णी अनिल |
| 700 ## - ADDED ENTRY--PERSONAL NAME | |
| Personal name | कुलकर्णी अनिल र |
| 730 ## - ADDED ENTRY--UNIFORM TITLE | |
| Uniform title | सिटी ऑफ जॉय अनु.कुलकर्णी अनिल |
| 942 ## - ADDED ENTRY ELEMENTS (KOHA) | |
| Koha item type | Book |
| Withdrawn status | Lost status | Damaged status | Not for loan | Home library | Current library | Date acquired | Cost, normal purchase price | Total Checkouts | Full call number | Barcode | Date last seen | Cost, replacement price | Price effective from | Koha item type | Public note |
|---|---|---|---|---|---|---|---|---|---|---|---|---|---|---|---|
| S.V. Pathak Library, Vile Parle | S.V. Pathak Library, Vile Parle | 12/22/1997 | 300.00 | 53996 | SVPPARLE-53996 | 01/25/2010 | 300.00 | 01/25/2010 | Book | Translated NA |